书目信息 |
| 题名: |
儿童文学教程
|
|
| 作者: | 方卫平, , 王昆建 主编 | |
| 分册: | ||
| 出版信息: | 北京 高等教育出版社 2009.09 |
|
| 页数: | 369页 | |
| 开本: | 23cm | |
| 丛书名: | ||
| 单 册: | ||
| 中图分类: | I058 | |
| 科图分类: | ||
| 主题词: | 儿童文学--er tong wen xue--高等学校--教材 | |
| 电子资源: | ||
| ISBN: | 978-7-04-027502-5 | |
| 000 | 00943nam0 2200265 450 | |
| 001 | 606663 | |
| 005 | 20100809100029.28 | |
| 010 | @a978-7-04-027502-5@dCNY29.50 | |
| 100 | @a20100515d2009 em y0chiy50 ea | |
| 101 | 0 | @achi |
| 102 | @aCN@b110000 | |
| 105 | @aa a 000yy | |
| 200 | 1 | @a儿童文学教程@Aer tong wen xue jiao cheng@f方卫平, 王昆建主编@Ffang wei ping,wang kun jian zhu bian |
| 205 | @a第2版 | |
| 210 | @a北京@c高等教育出版社@d2009.09 | |
| 215 | @a369页@c图@d23cm | |
| 300 | @a普通高等教育“十一五”国家级规划教材 高等院校小学教育专业教材 | |
| 320 | @a有书目 (第368-369页) | |
| 330 | @a本书共十二章,对儿童文学的历史状况和当代特点、基本原理、各类儿童文学体裁基本理论、阅读与编创进行了介绍。 | |
| 606 | 0 | @a儿童文学@Aer tong wen xue@x高等学校@j教材 |
| 690 | @aI058@v4 | |
| 701 | 0 | @a方卫平,@Afang wei ping@f(1961.8~)@4主编 |
| 701 | 0 | @a王昆建@Awang kun jian@4主编 |
| 801 | 0 | @aCN@c20100515 |
| 905 | @dI058@eF250=2@f5 | |
| 儿童文学教程/方卫平, 王昆建主编.-第2版.-北京:高等教育出版社,2009.09 |
| 369页:图;23cm |
| 普通高等教育“十一五”国家级规划教材 高等院校小学教育专业教材 |
| ISBN 978-7-04-027502-5:CNY29.50 |
| 本书共十二章,对儿童文学的历史状况和当代特点、基本原理、各类儿童文学体裁基本理论、阅读与编创进行了介绍。 |
| ● |
| 相关链接 |
|
|
|
正题名:儿童文学教程
索取号:I058/F250=2
 
预约/预借
| 序号 | 登录号 | 条形码 | 馆藏地/架位号 | 状态 | 备注 |
| 1 | 1020976 | 210209763 | 社科二线400B/400B社科库 20排4列6层/ [索取号:I058/F250=2] | 在馆 | |
| 2 | 1020977 | 210209772 | 社科二线400B/400B社科库 11排4列2层/ [索取号:I058/F250=2] | 在馆 | |
| 3 | 1020978 | 210209781 | 文学库108/108文学库 1排4列5层/ [索取号:I058/F250=2] | 在馆 | |
| 4 | 1020979 | 210209790 | 文学库108/108文学库 1排4列5层/ [索取号:I058/F250=2] | 在馆 | |
| 5 | 1020980 | 210209807 | 文学库108/108文学库 1排4列5层/ [索取号:I058/F250=2] | 在馆 |